Consultation on Defra policy statement on appraisal for flood and coastal erosion risk management (Record no. 108576)

MARC details
000 -LEADER
fixed length control field 01577cad a22002415a 4500
001 - CONTROL NUMBER
control field L144650
008 - FIXED-LENGTH DATA ELEMENTS--GENERAL INFORMATION
fixed length control field 080804s20080730xxkd f f000 0 eng d
035 ## - SYSTEM CONTROL NUMBER
System control number (Sirsi) u144650
041 0# - LANGUAGE CODE
Language code of text/sound track or separate title eng
050 04 - LIBRARY OF CONGRESS CALL NUMBER
Classification number 627.4 $2 18
110 2# - MAIN ENTRY--CORPORATE NAME
Corporate name or jurisdiction name as entry element United Kingdom
Subordinate unit Department for Environment, Food and Rural Affairs
245 00 - TITLE STATEMENT
Title Consultation on Defra policy statement on appraisal for flood and coastal erosion risk management
Medium [electronic resource]
260 ## - PUBLICATION, DISTRIBUTION, ETC.
Place of publication, distribution, etc. London
Name of publisher, distributor, etc. DEFRA
Date of publication, distribution, etc. 2008
505 2# - FORMATTED CONTENTS NOTE
Formatted contents note Consultation overview -- Consultation draft of Defra policy statement 13 -- Impact Assessment statement
520 ## - SUMMARY, ETC.
Summary, etc. Consultation sets out updated appraisal policy guidance from Defra reflecting the strategic and policy principles of first government response to the Making Space for Water (MSW) consultation (March 2005). New policy guidance from Defra and the practitioner guidance from the EA will replace the existing Flood and Coastal Defence Project Appraisal Guidance (FCDPAG) volumes 1-5. Takes account of research undertaken to support appraisal policy development and current best practice in flood and coastal erosion risk management and wider policy areas. Responses to this consultation must be submitted by 31 October 2008.
521 ## - TARGET AUDIENCE NOTE
Target audience note Advanced
590 ## - LOCAL NOTE (RLIN)
Local note KA NTK
650 24 - SUBJECT ADDED ENTRY--TOPICAL TERM
Topical term or geographic name entry element FLOODING
651 #4 - SUBJECT ADDED ENTRY--GEOGRAPHIC NAME
Geographic name England and Wales
Chronological subdivision 1543-
690 ## - LOCAL SUBJECT ADDED ENTRY--TOPICAL TERM (OCLC, RLIN)
Topical term or geographic name as entry element ENVIRONMENTAL AND LAND CONSULTANCY-WATER RESOURCE MANAGEMENT
856 40 - ELECTRONIC LOCATION AND ACCESS
Uniform Resource Identifier <a href="https://www.defra.gov.uk/corporate/consult/flood-appraisal/index.htm">https://www.defra.gov.uk/corporate/consult/flood-appraisal/index.htm</a>
Public note View the item free of charge online at www.defra.gov.uk...
942 ## - ADDED ENTRY ELEMENTS (KOHA)
Suppress in OPAC 0
Holdings
Withdrawn status Lost status Source of classification or shelving scheme Damaged status Not for loan Home library Current library Shelving location Date acquired Total Checkouts Full call number Barcode Date last seen Copy number Price effective from Koha item type
    Dewey Decimal Classification     Virtual Virtual Online 04/08/2008   ONLINE PUBLICATION 144650-1001 06/08/2019 1 06/08/2019 Book